000 00699nam a2200253Ia 4500
003 OSt
005 20220918191054.0
006 a|||||r|||| 00| 0
007 ta
008 220917b |||||||| |||| 00| 0 eng d
024 _a61,282
037 _cTextual
040 _aARTS
_cARTS
_beng
041 _2eng
_aeng
082 _aQ60j4:32, L5
100 _aBoyd James W
_974815
245 0 _aSatan and mara
_b christian and Buddhist symbols of evil
260 _aLedien
_bE B Brill
_c1975
300 _aci,188p.
_ccm.
490 _aStudies uin the history of religions
650 _aRELIGION
942 _hQ60j4:32, L5
_cTEXL
_2CC
999 _c188144
_d188144